Partial differential equations of mathematical physics (Record no. 757)

MARC details
000 -LEADER
fixed length control field 00566nam a2200181Ia 4500
003 - CONTROL NUMBER IDENTIFIER
control field IN-BaIIA
008 - FIXED-LENGTH DATA ELEMENTS--GENERAL INFORMATION
fixed length control field 211028s9999 xx 000 0 eng d
040 ## - CATALOGING SOURCE
Transcribing agency IIA Library
080 ## - UNIVERSAL DECIMAL CLASSIFICATION NUMBER
Universal Decimal Classification number 517.95
Item number BAT
100 ## - MAIN ENTRY--PERSONAL NAME
Personal name Bateman, H.
9 (RLIN) 1625
245 #0 - TITLE STATEMENT
Title Partial differential equations of mathematical physics
Statement of responsibility, etc. H. Bateman
250 ## - EDITION STATEMENT
Edition statement 1st ed.
260 ## - PUBLICATION, DISTRIBUTION, ETC.
Place of publication, distribution, etc. New York
Name of publisher, distributor, etc. Dover Publications
Date of publication, distribution, etc. 1944
300 ## - PHYSICAL DESCRIPTION
Extent xxii, 522p.
650 ## - SUBJECT ADDED ENTRY--TOPICAL TERM
Topical term or geographic name entry element Mathematical Physics
9 (RLIN) 1525
650 ## - SUBJECT ADDED ENTRY--TOPICAL TERM
Topical term or geographic name entry element Partial Differential Equations
9 (RLIN) 1626
942 ## - ADDED ENTRY ELEMENTS (KOHA)
Koha item type Books
Holdings
Withdrawn status Lost status Damaged status Not for loan Home library Current library Shelving location Date acquired Cost, normal purchase price Total Checkouts Full call number Barcode Date last seen Cost, replacement price Price effective from Koha item type Purchase Price
        IIA Library-Bangalore IIA Library-Kodaikanal General Stacks   24.75   517.95/ BAT 781 05/11/2021 24.75   Books Rs. 24.75

Powered by Koha